Statistics for Perfect Games (MLB)

Click here to take the quiz!

General Stats

  • This quiz has been taken 1,279 times
    (144 since last reset)
  • The average score is 10 of 24

Answer Stats

YearTeamPitcher% Correct
2023YankeesDomingo Germán
85%
2012MarinersFélix Hernández
84%
2004DiamondbacksRandy Johnson
83%
2010PhilliesRoy Halladay
72%
2012GiantsMatt Cain
63%
2009White SoxMark Buehrle
61%
1999YankeesDavid Cone
54%
1998YankeesDavid Wells
54%
1965DodgersSandy Koufax
51%
2010A'sDallas Braden
50%
1991ExposDennis Martinez
48%
1956YankeesDon Larsen
42%
1904PilgrimsCy Young
34%
2012White SoxPhillip Humber
34%
1968A'sCatfish Hunter
25%
1994RangersKenny Rogers
24%
1988RedsTom Browning
23%
1964PhilliesJim Bunning
16%
1981IndiansLen Barker
15%
1984AngelsMike Witt
13%
1908NapsAddie Joss
12%
1880Ruby LegsLee Richmond
8%
1880GreysMonte Ward
8%
1922White SoxCharlie Robertson
7%

Score Distribution

Percentile by Number Answered

Percent of People with Each Score

Your Score History

You have not taken this quiz since the last reset